Statistiques concernant Personnages de Super Smash Bros.

Cliquez ici pour prendre le quiz!

Statistiques générales

  • Ce quiz a été pris 11 782 fois
    (8 593 depuis la dernière actualisation)
  • Le résultat moyen est 48 sur 89

Réponses sur la Carte

Les réponses sont colorées sur une échelle allant du rouge au vert en fonction du pourcentage des utilisateurs qui les ont devinées à leur premier essai. Vous pouvez retrouver ces pourcentages ci-dessous.
 

Statistiques - réponses

64GCWii3DSSwitchCharacter% Correct
Mario
98%
Link
83%
Daisy
79%
Luigi
77%
Donkey Kong
76%
Marth
75%
Peach
73%
Pichu
72%
Zelda
72%
Bowser
71%
Kirby
71%
Pikachu
70%
Samus Sans Armure
69%
Ganondorf
68%
Pit
67%
Bowser Jr.
66%
Wario
66%
Fox
65%
Yoshi
64%
Link Enfant
63%
Samus
63%
Sheik
62%
Diddy Kong
60%
Dr. Mario
60%
Little Mac
60%
Amphinobi
59%
Link Cartoon
58%
DLCLucas
58%
Sonic
58%
Dracaufeu
57%
Entraîneuse Wii Fit
57%
DLCMewtwo
57%
Roi Dadidou
57%
Ness
56%
Captain Falcon
55%
Carapuce
55%
Rondoudou
55%
Lucina
54%
DLCSteve/Alex
54%
Villageois
54%
DLCCloud
53%
Falco
53%
R.O.B.
53%
Mii {Boxeur}
51%
Lucario
50%
Mr. Game & Watch
50%
Olimar
50%
Palutena
50%
DLCRoy
50%
Ike
49%
Meta Knight
49%
Mii {Epéiste}
49%
DLCRyu
49%
Félinferno
48%
Ken
48%
Pac-Man
48%
DLCSora
48%
Herbizarre
47%
Ice Climbers
47%
Mega Man
47%
DLCJoker
46%
Marie
46%
Mii {Tireur}
46%
DLCBayonetta
45%
Ridley
45%
Wolf
45%
Pit Maléfique
44%
Harmonie & Luma
43%
King K. Rool
43%
Samus Sombre
43%
Shulk
43%
Snake
43%
DLCPlante Piranha
42%
Duo Duck Hunt
41%
Inkling
41%
DLCCorrin
40%
Daraen
40%
DLCMythra
39%
DLCPyra
39%
DLCSéphiroth
39%
Chrom
38%
Richter
38%
DLCBanjo & Kazooie
37%
DLCByleth
36%
DLCKazuya
34%
Simon
34%
DLCTerry
34%
DLCHéros
32%
DLCMin-Min
30%

Distribution des résultats

Percentile par nombre de réponses

% des personnes avec chaque résultat

Votre développement - résultats

Vous n’avez pas pris ce quiz depuis la dernière actualisation